Le petit Larousse illustré 1996 : En couleurs : 84500 articles ; 3600 illustrations ; 288 cartes
Sách là quyển từ điển giới thiệu về từ và nghĩa tiếng Pháp.
Tallennettuna:
| Aineistotyyppi: | Kirja |
|---|---|
| Kieli: | Undetermined |
| Julkaistu: |
Paris
Larousse
1995
|
| Aiheet: | |
| Tagit: |
Lisää tagi
Ei tageja, Lisää ensimmäinen tagi!
|
| Thư viện lưu trữ: | Trung tâm Học liệu Trường Đại học Cần Thơ |
|---|
| LEADER | 00652nam a2200205Ia 4500 | ||
|---|---|---|---|
| 001 | CTU_149145 | ||
| 008 | 210402s9999 xx 000 0 und d | ||
| 082 | |a 443 | ||
| 082 | |b P489 | ||
| 245 | 0 | |a Le petit Larousse illustré 1996 : | |
| 245 | 0 | |b En couleurs : 84500 articles ; 3600 illustrations ; 288 cartes | |
| 245 | 0 | |c Larousse | |
| 260 | |a Paris | ||
| 260 | |b Larousse | ||
| 260 | |c 1995 | ||
| 520 | |a Sách là quyển từ điển giới thiệu về từ và nghĩa tiếng Pháp. | ||
| 650 | |a French language | ||
| 650 | |y Dictionaries | ||
| 904 | |i Giang | ||
| 980 | |a Trung tâm Học liệu Trường Đại học Cần Thơ | ||